Statistics for US States by More Populous Borders in 30 Seconds

Click here to take the quiz!

General Stats

  • This quiz has been taken 16 times
  • The average score is 42 of 50

Answers on the Map

Answers color-coded by a green-red scale on the quiz's map according to % correct below.
Loading ...
 

Answer Stats

State% Correct
Alabama
100%
Georgia
100%
New Mexico
100%
Louisiana
100%
Kentucky
100%
Iowa
100%
Indiana
100%
Oklahoma
100%
Nevada
100%
Florida
100%
South Dakota
100%
Texas
100%
Arkansas
100%
Wisconsin
100%
Pennsylvania
92%
Nebraska
92%
Utah
92%
North Dakota
92%
Vermont
92%
New York
92%
New Jersey
92%
Oregon
92%
Wyoming
92%
Idaho
92%
Arizona
92%
Minnesota
92%
Massachusetts
92%
California
92%
Colorado
92%
Connecticut
92%
Kansas
92%
Missouri
85%
West Virginia
85%
Tennessee
85%
Washington
77%
Montana
77%
Illinois
77%
Ohio
77%
Michigan
77%
Hawaii
69%
South Carolina
69%
North Carolina
69%
Maryland
69%
Delaware
62%
Virginia
62%
Alaska
62%
Maine
54%
Mississippi
54%
Rhode Island
38%
New Hampshire
31%

Score Distribution

Percentile by Number Answered

Percent of People with Each Score

Your Score History

You have not taken this quiz